000 00303nam a22001217a 4500
008 180606b xxu||||| |||| 00| 0 eng d
041 _aeng
080 _a043.3
100 _a0
101 _aARK-MTH
245 _aPromoting energy efficiency in residential buildings in Kosovo
_cVula,B
942 _2udc
_cBK
999 _c46399
_d46399